Loading...
| Science - Chemistry | 0 | 6 | 1 | 0 | 55 | 73 | 102.50 | 1 | 5 | 0.00 | 0.00 |
| Literature - World | 0 | 4 | 1 | 1 | 35 | 63 | 116.00 | 0 | 4 | 0.00 | 0.00 |
| Literature - European | 0 | 4 | 1 | 1 | 35 | 106 | 124.50 | 1 | 4 | 0.00 | 0.00 |
| Science - Physics | 0 | 4 | 2 | 1 | 30 | 68 | 99.00 | 1 | 4 | 0.00 | 0.00 |
| Fine Arts - Classical Music | 0 | 2 | 0 | 0 | 20 | 91 | 95.00 | 1 | 2 | 0.00 | 0.00 |
| Fine Arts - Painting and Sculpture | 0 | 2 | 0 | 1 | 20 | 108 | 121.50 | 0 | 2 | 0.00 | 0.00 |
| Science - Other | 0 | 2 | 0 | 0 | 20 | 33 | 79.50 | 0 | 2 | 0.00 | 0.00 |
| Literature - British | 0 | 2 | 2 | 0 | 10 | 108 | 124.00 | 0 | 2 | 0.00 | 0.00 |
| Social Science | 0 | 1 | 0 | 0 | 10 | 123 | 123.00 | 0 | 1 | 0.00 | 0.00 |
| Science - Biology | 0 | 1 | 1 | 0 | 5 | 90 | 90.00 | 1 | 1 | 0.00 | 0.00 |
| Literature - American | 0 | 2 | 3 | 0 | 5 | 35 | 86.50 | 1 | 2 | 0.00 | 0.00 |
| Philosophy | 0 | 1 | 1 | 0 | 5 | 135 | 135.00 | 0 | 1 | 0.00 | 0.00 |
| Fine Arts - Other | 0 | 1 | 1 | 0 | 5 | 128 | 128.00 | 0 | 1 | 0.00 | 0.00 |
| History - World | 0 | 0 | 0 | 0 | 0 | 0.00 | 0 | 0 | 0.00 | 0.00 | |
| History - American | 0 | 0 | 0 | 0 | 0 | 0.00 | 0 | 0 | 0.00 | 0.00 |